Statistiche per Riconosci l'Anno dagli eventi - Quiz n°111

Clicka qui per fare il quiz!

Statistiche generali

  • Questo quiz è stato fatto 2 volte
  • Il punteggio medio è 5 su 8

Statistiche sulle risposte

IndizioRisposta% Corretto
ACostante II è ucciso a Vienne da Geronzio.
100%
BI Burgundi elevano alla carica di imperatore Giovino, che riceve il sostegno dei Visigoti di Saro.
100%
DCostantino III viene giustiziato.
50%
CGeronzio assedia Costantino III ad Arles, ma è attaccato da Flavio Costanzo, deve fuggire e poi suicidarsi per scampare all'assassinio da parte dei suoi stessi soldati.
50%
GGli Alani stabiliscono il loro dominio nella provincia romana della Lusitania (Portogallo a sud del fiume Duero e Spagna).
50%
FIngyo succede al fratello Hanzei e diventa il 19° imperatore del Giappone.
50%
EInizia la controversia pelagiana. Il monaco e teologo inglese Pelagio predica un ideale di vita ascetica e morale contro il rilassamento del cristianesimo. Le sue tesi, incentrate sul libero arbitrio dell'uomo nell'adempiere ai comandamenti di Dio e che negano perciò il peccato originale, diedero origine a un movimento teologico ereticale, diffusosi in Italia, in Africa e in Palestina, e condannato dal concilio di Cartagine del 418.
50%
Anno411
0%

Distribuzione punteggi

Percentile per numero di risposta

Percentuale di utenti per punteggio

I tuoi punteggi nel tempo

Non hai fatto questo quiz